Statistics for Movies By 1 Actor and 1 Actress Part 18

Click here to take the quiz!

General Stats

  • This quiz has been taken 17 times
  • The average score is 9 of 26

Answer Stats

CastMovie% Correct
Brad Pitt, Angelina JolieMr. & Mrs. Smith
88%
Bradley Cooper, Lady GagaA Star Is Born
81%
Warren Beatty, MadonnaDick Tracy
63%
Tom Hanks, Geena DavisA League of Their Own
56%
Ben Affleck, Rosamund PikeGone Girl
56%
Juliette Binoche, Ralph FiennesThe English Patient
50%
Bruce Willis, Toni ColletteThe Sixth Sense
50%
Ewan McGregor, Scarlett JohanssonThe Island
38%
Mel Gibson, Julia RobertsConspiracy Theory
31%
Adam Sandler, Emily WatsonPunch Drunk-Love
31%
Lori Petty, Ice-TTank Girl
31%
Forest Whitaker, Kerry WashingtonThe Last King of Scotland
31%
Bryce Dallas Howard, Joaquin PhoenixThe Village
31%
Rosa Salazar, Christoph WaltzAlita: Battle Angel
25%
John Travolta, Michelle PfeifferHairspray
25%
Robert De Niro, Dakota FanningHide and Seek
25%
Chris Evans, Octavia SpencerSnowpiercer
25%
Jake Gyllenhaal, Rachel McAdamsSouthpaw
25%
Matt Damon, Jessica ChastainThe Martian
25%
Anna Kendrick, Sam RockwellMr. Right
19%
Matthew McConaughey, Reese WitherspoonMud
19%
Thomas Jane, Alexa DavalosThe Mist
19%
Lulu Wilson, Kevin JamesBecky
13%
Jamie Foxx, Jada Pinkett SmithCollateral
13%
Denzel Washington, Rosario DawsonHe Got Game
13%
Thomasin McKenzie, Rufus SewellOld
13%

Score Distribution

Percentile by Number Answered

Percent of People with Each Score

Your Score History

You have not taken this quiz